| 000 | 00751nam a22002057a 4500 | ||
|---|---|---|---|
| 999 |
_c216533 _d216533 |
||
| 005 | 20260331113840.0 | ||
| 008 | 260331b ||||| |||| 00| 0 eng d | ||
| 040 |
_aLC _cUNZA _eRDA |
||
| 050 |
_aZAMB BS 454 _bWEN 1987 |
||
| 100 | _aWendland, Ernst R | ||
| 245 |
_aThe cultural factor in Bible translation : _ba study of communicating the Word of God in a Central African cultural context / _cErnst R Wendland |
||
| 260 |
_aLondon: _bUnited Bible Societies, _c1987. |
||
| 300 | _axii, 221 pages. | ||
| 440 |
_aUBS Monograph Series _n2 |
||
| 504 | _aIncludes bibliographical references. | ||
| 650 |
_aBible translation _xCultural factors |
||
| 650 |
_aCommunicating _xWord of God |
||
| 650 | _aCentral African cultural context | ||
| 942 | _cZAMBIANA | ||